Normal view
MARC view
- المكتبات الرقمية -المكتبات-اتمتة
Entry Topical Term
001 - CONTROL NUMBER
- control field: 11139
003 - CONTROL NUMBER IDENTIFIER
- control field: JO-AjAnu
005 - DATE AND TIME OF LATEST TRANSACTION
- control field: 20230606072104.0
008 - FIXED-LENGTH DATA ELEMENTS
- fixed length control field: 230606|| aca||aabn | a|a d
040 ## - CATALOGING SOURCE
- Original cataloging agency: JO-AjAnu
- Transcribing agency: JO-AjAnu
150 ## - HEADING--TOPICAL TERM
- Topical term or geographic name entry element: المكتبات الرقمية -المكتبات-اتمتة
670 ## - SOURCE DATA FOUND
- Source citation: Work cat.: (JO-AjAnu)5736: تاليف محمد ،عماد عيسى صالح /تقديم محمد فتحي عبد الهادي , author 11138, المكتبات الرقمية الاسس النظرية. التطبيقات العملية